000 00386nam a2200157Ia 4500
003 LK-CoDNM
008 010623t1909 xxu||||| |||| 00| 1 eng d
040 _aLK-CoDNM
_dLK-CoDNM
_eLK-CoDNM
041 _aeng
080 _a22 H.11
100 _aSmith, Vincent A.
245 _aAsoka :The Buddhist Emperor of India
260 _b
_c1909
300 _b252p., 20 260: 2 cm
942 _cBK
999 _c86994
_d86994